000 00861nam a22002297a 4500
001 48476
003 BD-RjUL
005 20211209054530.0
008 160814s1982 bg a|||| |||| 00| 0 ben d
020 _c : TK 35.00
035 _a(BD-RjUL)48595
040 _aBD-RjUL
_bben
_cBD-RjUL
041 _aben
082 _223
_a891.441
_bMAK 1982
100 1 _aমাহ্‌ফুজউল্লাহ্‌, মোহাম্মদ
_9146571
245 1 0 _aকাব্য-সম্ভার /
_cমোহাম্মদ মাহ্‌ফুজউল্লাহ্‌
260 _aঢাকা :
_bরুনা প্রকাশনী,
_c১৯৮২.
300 _a[৯], ২৬৪ পৃ. :
_bচিত্রাবলী ;
_c২১ সেমি.
650 _a বাংলা কবিতা
_9146572
650 _aBengali Poetry
_9146573
942 _2ddc
_cBK
999 _c48476
_d48476